Tennessee Geoguessr Style Quiz - Statistics

General Stats
  • This quiz has been taken 27 times
  • The average score is 7 of 16
Answer Stats
Picture Answer % Correct
Memphis
100%
Nashville
100%
Chattanooga
88%
Knoxville
82%
Murfreesboro
65%
Paris
65%
Clarksville
53%
Smoky Mountains
35%
Bristol
29%
Big South Fork
24%
Columbia
24%
Dandridge
18%
Reelfoot Lake
18%
Bean Station
12%
Kingston Springs
12%
Windrock
12%
No matching quizzes found
Score Distribution
Percent of People with Each Score
Percentile by Number Answered
Your Score History
You have not taken this quiz